000 00496nam a2200181Ia 4500
001 11022
005 20260306161915.0
008 260306t1978||||xx |||||||||||||| ||spa||
041 _aESP
082 _a985.001
_bB26
100 _aBasadre, Jorge
_eAUT
245 0 _aApertura:
_btextos sobre temas de historia, educación, cultura y política, escritos entre 1924 y 1977
260 _c1978
300 _a592 páginas :
_c20 cm.
650 _aGEN
654 _aCHU
942 _cLIB
_dJUS
_fJUS
_2ddc
_n
999 _c11022
_d11022